000 00368pab a2200121 454500
008 180718b xxu||||| |||| 00| 0 eng d
100 _aAvolio Bruee J.
245 _aThe natural: some antecedents to transformational leadership
362 _a17(9), Aug 1994, p.1559-581
650 _aLeadership
773 _aInternational Journal of Public Administration
909 _a27414
999 _c27414
_d27414